|
|
|
|
| LEADER |
00000nam0a2200000 4500 |
| 001 |
82378 |
| 005 |
20231031095648.0 |
| 035 |
|
|
|a (RuTPU)RU\TPU\book\88524
|
| 090 |
|
|
|a 82378
|
| 100 |
|
|
|a 20051003d1964 m y0rusy50 ca
|
| 101 |
0 |
|
|a rus
|
| 102 |
|
|
|a UA
|
| 105 |
|
|
|a a j 000zy
|
| 200 |
1 |
|
|a Примерный расчет фрезерного станка
|e руководство к курсовому проектированию для студентов ХПИ
|f Ф. К. Королев, Ю. В. Тимофеев
|g Харьковский политехнический институт
|
| 210 |
|
|
|a Харьков
|c Изд-во ХПИ
|d 1964
|
| 215 |
|
|
|a 82 с.
|c ил.
|
| 610 |
1 |
|
|a фрезерные станки
|
| 610 |
1 |
|
|a станки
|
| 610 |
1 |
|
|a расчет
|
| 610 |
1 |
|
|a коробки скоростей
|
| 610 |
1 |
|
|a кинематический расчет
|
| 675 |
|
|
|a 621.914
|v 3
|
| 700 |
|
1 |
|a Королев
|b Ф. К.
|g Филипп Кузьмич
|
| 701 |
|
1 |
|a Тимофеев
|b Ю. В.
|
| 712 |
0 |
2 |
|a Харьковский политехнический институт
|2 stltpush
|3 (RuTPU)RU\TPU\col\291
|
| 801 |
|
1 |
|a RU
|b 63413507
|c 20051003
|g PSBO
|
| 801 |
|
2 |
|a RU
|b 63413507
|c 20051219
|g PSBO
|
| 942 |
|
|
|c BK
|